Les représentations sociales (notice n° 1568175)

détails MARC
000 -LEADER
fixed length control field 00794cam a2200133 4500500
005 - DATE AND TIME OF LATEST TRANSACTION
control field 20251214004047.0
041 ## - LANGUAGE CODE
Language code of text/sound track or separate title fre
042 ## - AUTHENTICATION CODE
Authentication code dc
100 10 - MAIN ENTRY--PERSONAL NAME
Personal name Seca, Jean-Marie
Relator term author
245 00 - TITLE STATEMENT
Title Les représentations sociales
260 ## - PUBLICATION, DISTRIBUTION, ETC.
Name of publisher, distributor, etc. Armand Colin,<br/>
Date of publication, distribution, etc. 2010.<br/>
520 ## - SUMMARY, ETC.
Summary, etc. PREMIÈRE PARTIE : ORIGINES ET SIGNIFICATIONS 1. Enjeux théoriques et sociopolitiques 2.Définitions et champ d’étude DEUXIÈME PARTIE : PHÉNOMÉNOLOGIE 3. Processus, fonctions et organisation 4. Approches des contenus TROISIÈME PARTIE : DYNAMIQUE ET PRAXIS 5. Saisie de la structure : complexité et schèmes 6. Articulations avec les conduites : polyphasie cognitive et changement
856 41 - ELECTRONIC LOCATION AND ACCESS
Uniform Resource Identifier <a href="https://shs.cairn.info/les-representations-sociales--9782200249168?lang=fr&redirect-ssocas=7080">https://shs.cairn.info/les-representations-sociales--9782200249168?lang=fr&redirect-ssocas=7080</a>

Pas d'exemplaire disponible.

PLUDOC

PLUDOC est la plateforme unique et centralisée de gestion des bibliothèques physiques et numériques de Guinée administré par le CEDUST. Elle est la plus grande base de données de ressources documentaires pour les Étudiants, Enseignants chercheurs et Chercheurs de Guinée.

Adresse

627 919 101/664 919 101

25 boulevard du commerce
Kaloum, Conakry, Guinée

Réseaux sociaux

Powered by Netsen Group @ 2025